[Event "Steinfurt Bezirksklasse 1415"]
[Site "Germany"]
[Date "2015.02.21"]
[Round "6.4"]
[White "Sandmann, Guenter"]
[Black "Hohenberger, Rudolf"]
[Result "0-1"]
[WhiteElo "1229"]
[BlackElo "1364"]
[PlyCount "64"]
[EventDate "2014.09.20"]
[EventType "team-tourn"]
[EventRounds "9"]
[EventCountry "GER"]
[SourceTitle "EXT 2016"]
[Source "ChessBase"]
[SourceDate "2015.10.08"]
[SourceVersion "1"]
[SourceVersionDate "2015.10.08"]
[SourceQuality "1"]
[WhiteTeam "Nordwalde II"]
[BlackTeam "Westerkappeln"]
[WhiteTeamCountry "GER"]
[BlackTeamCountry "GER"]

1. d4 d5 2. c4 e6 3. Nf3 Nc6 4. e3 Nf6 5. Nc3 Bb4 6. Bd2 0-0 7. Bd3 Bxc3 8. Bxc3 dxc4 9. Bxc4 Ne4 10. Qc2 Nxc3 11. Qxc3 Qf6 12. 0-0 Re8 13. Bb5 Bd7 14. Rfd1 a6 15. Bxc6 Bxc6 16. Ne5 Bd5 17. f3 b5 18. e4 Bb7 19. Qxc7 Re7 20. Nd7 Qg5 21. Qxb7 Rd8 22. Nf6+ Qxf6 23. Qxa6 Rb8 24. Rac1 Ree8 25. Rc6 Qd8 26. d5 exd5 27. exd5 Qg5 28. Rcc1 Red8 29. d6 Qf6 30. d7 Qxa6 31. Rc2 g6 32. Rdc1 Rxd7 0-1

[Event "Steinfurt Bezirksklasse 1314"]
[Site "Germany"]
[Date "2013.11.16"]
[Round "2.6"]
[White "Hanhart, Daniel"]
[Black "Hohenberger, Rudolf"]
[Result "1/2-1/2"]
[WhiteElo "925"]
[BlackElo "1430"]
[PlyCount "81"]
[EventDate "2013.10.05"]
[EventType "team-tourn"]
[EventRounds "9"]
[EventCountry "GER"]
[SourceTitle "EXT 2015"]
[Source "ChessBase"]
[SourceDate "2014.11.20"]
[SourceVersion "1"]
[SourceVersionDate "2014.11.20"]
[SourceQuality "1"]
[WhiteTeam "Emsdetten Turm IV"]
[BlackTeam "Westerkappeln"]
[WhiteTeamCountry "GER"]
[BlackTeamCountry "GER"]

1. d4 d5 2. c4 c6 3. Nc3 Nf6 4. Nf3 Nbd7 5. Bg5 b5 6. cxb5 cxb5 7. Nxb5 Qa5+ 8. Nc3 Ne4 9. Bd2 Nxc3 10. Bxc3 Qb6 11. e3 e6 12. Be2 Nf6 13. 0-0 Ne4 14. Bd3 Nxc3 15. bxc3 Qc7 16. Bb5+ Bd7 17. Bxd7+ Qxd7 18. Ne5 Qb5 19. Rb1 Qa6 20. Rb2 Bd6 21. f4 Bxe5 22. fxe5 0-0 23. Rf3 Rac8 24. Qc2 Qa5 25. Rh3 g6 26. Rb3 Rc7 27. Qb2 Rfc8 28. e4 Rc4 29. exd5 Rxd4 30. dxe6 Rd1+ 31. Kf2 Qc5+ 32. Re3 fxe6 33. Ke2 Rcd8 34. Rb8 Qc4+ 35. Kf3 Qd5+ 36. Kg3 Rd3 37. Rxd8+ Qxd8 38. Rxd3 Qxd3+ 39. Kh4 Qe4+ 40. Kh3 Qxe5 41. g3 1/2-1/2

[Event "Steinfurt Bezirksklasse 1213"]
[Site "Germany"]
[Date "2012.11.03"]
[Round "2.1"]
[White "Hohenberger, Rudolf"]
[Black "Ulbricht Weiss, Wolfgang"]
[Result "1-0"]
[WhiteElo "1360"]
[BlackElo "1344"]
[PlyCount "51"]
[EventDate "2012.09.29"]
[EventType "team-tourn"]
[EventRounds "9"]
[EventCountry "GER"]
[SourceTitle "EXT 2015"]
[Source "ChessBase"]
[SourceDate "2014.11.20"]
[SourceVersion "1"]
[SourceVersionDate "2014.11.20"]
[SourceQuality "1"]
[WhiteTeam "Westerkappeln II"]
[BlackTeam "Rheine CC"]
[WhiteTeamCountry "GER"]
[BlackTeamCountry "GER"]

1. e4 c5 2. Nf3 d6 3. Nc3 Nc6 4. d4 cxd4 5. Nxd4 Nf6 6. f3 a6 7. a3 e5 8. Nxc6 bxc6 9. Be3 Be7 10. Be2 0-0 11. 0-0 d5 12. exd5 Nxd5 13. Nxd5 cxd5 14. c3 Bg5 15. Bxg5 Qxg5 16. Qxd5 Bh3 17. Rf2 Rad8 18. Qe4 f5 19. Qxe5 Rfe8 20. Qg3 Qe3 21. Qxh3 Rd2 22. Bc4+ Kh8 23. Raf1 Qc5 24. Qh4 Qe3 25. Bxa6 g5 26. Qh6 1-0

[Event "Steinfurt Bezirksklasse 1112"]
[Site "Germany"]
[Date "2012.03.17"]
[Round "7.1"]
[White "Hohenberger, Rudolf"]
[Black "Bloem, Markus"]
[Result "0-1"]
[WhiteElo "1404"]
[BlackElo "1446"]
[PlyCount "129"]
[EventDate "2011.09.24"]
[EventType "team-tourn"]
[EventRounds "9"]
[EventCountry "GER"]
[SourceTitle "EXT 2013"]
[Source "ChessBase"]
[SourceDate "2012.11.22"]
[SourceVersion "1"]
[SourceVersionDate "2012.11.22"]
[SourceQuality "1"]
[WhiteTeam "Westerkappeln II"]
[BlackTeam "Ibbenbueren III"]
[WhiteTeamCountry "GER"]
[BlackTeamCountry "GER"]

1. e4 d6 2. Nf3 g6 3. d4 Bg7 4. Be2 Nf6 5. Nc3 Nbd7 6. e5 dxe5 7. dxe5 Ng4 8. Bf4 Ngxe5 9. Nxe5 Bxe5 10. Bxe5 Nxe5 11. Qxd8+ Kxd8 12. Rd1+ Bd7 13. 0-0 e6 14. Ne4 Ke7 15. Rd2 Bc6 16. Nc5 Rhd8 17. Rfd1 Rxd2 18. Rxd2 Rd8 19. Rxd8 Kxd8 20. f4 Nd7 21. Nxd7 Kxd7 22. g3 Be4 23. c3 Kd6 24. Kf2 e5 25. Ke3 Bc6 26. b4 a6 27. c4 f5 28. h4 Be8 29. Bf3 e4 30. Be2 c5 31. a3 b5 32. Kd2 Kc6 33. Kc3 Kb6 34. Bf1 Bf7 35. cxb5 axb5 36. Be2 Kc6 37. Bd1 Bc4 38. a4 e3 39. Bf3+ Kb6 40. bxc5+ Kxc5 41. axb5 Kxb5 42. Bg2 Kc5 43. Bf3 Bf1 44. Bb7 e2 45. Kd2 Kd4 46. Bf3 e1Q+ 47. Kxe1 Ke3 48. Bd5 Bd3 49. Bg8 h6 50. Bf7 Kf3 51. Bxg6 Kxg3 52. h5 Kxf4 53. Kf2 Be4 54. Bf7 Bf3 55. Bg6 Bg4 56. Kg2 Kg5 57. Bxf5 Bxf5 58. Kg3 Kxh5 59. Kf4 Bc8 60. Kg3 Kg5 61. Kh2 Kf4 62. Kg2 Kg4 63. Kh2 Bb7 64. Kg1 Kg3 65. Kf1 0-1

[Event "Steinfurt Bezirksklasse 1112"]
[Site "Germany"]
[Date "2012.01.28"]
[Round "5.3"]
[White "Hohenberger, Rudolf"]
[Black "Ottens, Josef"]
[Result "1/2-1/2"]
[WhiteElo "1404"]
[BlackElo "1452"]
[PlyCount "63"]
[EventDate "2011.09.24"]
[EventType "team-tourn"]
[EventRounds "9"]
[EventCountry "GER"]
[SourceTitle "EXT 2013"]
[Source "ChessBase"]
[SourceDate "2012.11.22"]
[SourceVersion "1"]
[SourceVersionDate "2012.11.22"]
[SourceQuality "1"]
[WhiteTeam "Westerkappeln II"]
[BlackTeam "Steinfurt IV"]
[WhiteTeamCountry "GER"]
[BlackTeamCountry "GER"]

1. e4 e6 2. Nf3 Nf6 3. Nc3 c6 4. d4 d5 5. exd5 exd5 6. Be2 Be7 7. 0-0 0-0 8. Bg5 h6 9. Bh4 Bf5 10. Ne5 Nbd7 11. Nxd7 Qxd7 12. Bxf6 Bxf6 13. Bf3 Rfe8 14. Ne2 Bg4 15. Bxg4 Qxg4 16. f3 Qe6 17. Nf4 Qe3+ 18. Kh1 Qxf4 19. c3 Re6 20. Qc2 Rae8 21. g3 Qd6 22. a3 Bd8 23. Qg2 Re2 24. Qh3 Qe6 25. Qxe6 R8xe6 26. Rab1 Rc2 27. Rfe1 Ree2 28. Rxe2 Rxe2 29. f4 g6 30. c4 dxc4 31. d5 cxd5 32. Rd1 1/2-1/2

[Event "Steinfurt Bezirksliga 1112"]
[Site "Germany"]
[Date "2011.11.05"]
[Round "2.8"]
[White "Schulze Oechtering, Matthias"]
[Black "Hohenberger, Rudolf"]
[Result "1-0"]
[WhiteElo "1841"]
[BlackElo "1376"]
[PlyCount "77"]
[EventDate "2011.10.01"]
[EventType "team-tourn"]
[EventRounds "9"]
[EventCountry "GER"]
[SourceTitle "EXT 2013"]
[Source "ChessBase"]
[SourceDate "2012.11.22"]
[SourceVersion "1"]
[SourceVersionDate "2012.11.22"]
[SourceQuality "1"]
[WhiteTeam "Neuenkirchen II"]
[BlackTeam "Westerkappeln"]
[WhiteTeamCountry "GER"]
[BlackTeamCountry "GER"]

1. e4 e5 2. Nf3 Nc6 3. d4 exd4 4. c3 dxc3 5. Nxc3 Nf6 6. Bc4 Qe7 7. 0-0 d6 8. Bg5 h6 9. Nd5 Qd8 10. Bxf6 gxf6 11. Nd4 Nxd4 12. Qxd4 Bg7 13. Rac1 0-0 14. Qe3 f5 15. exf5 Bxf5 16. Ne7+ Kh8 17. Nxf5 Re8 18. Qh3 Qf6 19. Nxg7 Qxg7 20. Rc3 Re5 21. Rg3 Rg5 22. Rxg5 Qxg5 23. Bxf7 Rf8 24. Qc3+ Qg7 25. Qxg7+ Kxg7 26. Bh5 Rf5 27. g4 Re5 28. f4 Re4 29. f5 Kf6 30. Kf2 d5 31. Re1 Rxe1 32. Kxe1 d4 33. Kd2 b5 34. Kd3 c5 35. b4 c4+ 36. Kxd4 Ke7 37. h4 Kf8 38. g5 Kg7 39. Be2 1-0

[Event "Steinfurt Bezirksklasse 1112"]
[Site "Germany"]
[Date "2011.09.24"]
[Round "1.1"]
[White "Roos, Wilfried"]
[Black "Hohenberger, Rudolf"]
[Result "1/2-1/2"]
[WhiteElo "1668"]
[BlackElo "1404"]
[PlyCount "22"]
[EventDate "2011.09.24"]
[EventType "team-tourn"]
[EventRounds "9"]
[EventCountry "GER"]
[SourceTitle "EXT 2013"]
[Source "ChessBase"]
[SourceDate "2012.11.22"]
[SourceVersion "1"]
[SourceVersionDate "2012.11.22"]
[SourceQuality "1"]
[WhiteTeam "Saerbeck III"]
[BlackTeam "Westerkappeln II"]
[WhiteTeamCountry "GER"]
[BlackTeamCountry "GER"]

1. d4 d5 2. c4 e6 3. Nc3 Nf6 4. Bg5 Be7 5. Nf3 Nbd7 6. e3 c6 7. Rc1 0-0 8. Bd3 a6 9. 0-0 Re8 10. Nd2 e5 11. dxe5 Nxe5 1/2-1/2

[Event "Steinfurt Bezirksklasse 0910"]
[Site "Germany"]
[Date "2010.02.06"]
[Round "4.1"]
[White "Loges, Wilhelm"]
[Black "Hohenberger, Rudolf"]
[Result "1/2-1/2"]
[WhiteElo "1755"]
[BlackElo "1323"]
[PlyCount "52"]
[EventDate "2009.09.26"]
[EventType "team-tourn"]
[EventRounds "7"]
[EventCountry "GER"]
[SourceTitle "EXT 2011"]
[Source "ChessBase"]
[SourceDate "2010.11.26"]
[SourceVersion "1"]
[SourceVersionDate "2010.11.26"]
[SourceQuality "1"]
[WhiteTeam "Emsdetten Turm IV"]
[BlackTeam "Westerkappeln II"]
[WhiteTeamCountry "GER"]
[BlackTeamCountry "GER"]

1. e4 e5 2. Nf3 Nc6 3. Bb5 d6 4. 0-0 Bd7 5. c3 Nf6 6. Re1 Be7 7. h3 0-0 8. d4 exd4 9. cxd4 a6 10. Bc4 b5 11. Bd3 Rb8 12. a3 g6 13. Nc3 Na7 14. d5 c6 15. dxc6 Bxc6 16. Be3 Nc8 17. Rc1 d5 18. Nd4 Ba8 19. Bf4 Rb6 20. exd5 Nxd5 21. Nxd5 Bxd5 22. Bc7 Qd7 23. Bxb6 Nxb6 24. Nf3 Bf6 25. Ne5 Qb7 26. Qg4 h5 1/2-1/2

[Event "Steinfurt Bezirksliga 0910"]
[Site "Germany"]
[Date "2009.12.05"]
[Round "4.8"]
[White "Langhorst, Tobias"]
[Black "Hohenberger, Rudolf"]
[Result "1/2-1/2"]
[WhiteElo "1255"]
[BlackElo "1350"]
[PlyCount "45"]
[EventDate "2009.09.12"]
[EventType "team-tourn"]
[EventRounds "9"]
[EventCountry "GER"]
[SourceTitle "EXT 2011"]
[Source "ChessBase"]
[SourceDate "2010.11.26"]
[SourceVersion "1"]
[SourceVersionDate "2010.11.26"]
[SourceQuality "1"]
[WhiteTeam "Emsdetten Turm III"]
[BlackTeam "Westerkappeln"]
[WhiteTeamCountry "GER"]
[BlackTeamCountry "GER"]

1. e4 e5 2. Nf3 Nc6 3. Bc4 Nf6 4. d3 Be7 5. 0-0 0-0 6. Nc3 d6 7. h3 h6 8. d4 exd4 9. Nxd4 Nxd4 10. Qxd4 c5 11. Qe3 Nh7 12. Qg3 Bh4 13. Qg6 Qf6 14. Qxf6 Bxf6 15. Nd5 Be6 16. c3 Bxd5 17. Bxd5 Rab8 18. Bf4 Be5 19. Be3 b6 20. f4 Bf6 21. Rae1 Rfe8 22. g3 Kf8 23. Re2 1/2-1/2

[Event "Steinfurt Bezirksklasse 0910"]
[Site "Germany"]
[Date "2009.09.26"]
[Round "1.1"]
[White "Schmidt, Frank1111"]
[Black "Hohenberger, Rudolf"]
[Result "1-0"]
[WhiteElo "1559"]
[BlackElo "1323"]
[PlyCount "57"]
[EventDate "2009.09.26"]
[EventType "team-tourn"]
[EventRounds "7"]
[EventCountry "GER"]
[SourceTitle "EXT 2011"]
[Source "ChessBase"]
[SourceDate "2010.11.26"]
[SourceVersion "1"]
[SourceVersionDate "2010.11.26"]
[SourceQuality "1"]
[WhiteTeam "Emsdetten Rochade III"]
[BlackTeam "Westerkappeln II"]
[WhiteTeamCountry "GER"]
[BlackTeamCountry "GER"]

1. d4 d5 2. Nf3 e6 3. g3 Nc6 4. Bg2 Be7 5. 0-0 Nf6 6. c3 0-0 7. Nbd2 Bd7 8. Re1 Re8 9. e4 dxe4 10. Nxe4 Nxe4 11. Rxe4 Bf6 12. Bf4 Ne7 13. Be5 Bxe5 14. Nxe5 Nc6 15. Nd3 f5 16. Re1 Rb8 17. b4 Ne7 18. Qb3 Ng6 19. Nc5 Nf8 20. Nxb7 Qf6 21. Nc5 a5 22. a3 Rb6 23. Rad1 axb4 24. axb4 Kh8 25. Ra1 Bc6 26. Ra7 Bxg2 27. Kxg2 e5 28. Rxc7 exd4 29. Rxe8 1-0

[Event "Steinfurt Kreisklasse 0607"]
[Site "Germany"]
[Date "2007.02.17"]
[Round "6.2"]
[White "Reker, Yves"]
[Black "Hohenberger, Rudolf"]
[Result "1/2-1/2"]
[WhiteElo "1067"]
[BlackElo "1379"]
[PlyCount "86"]
[EventDate "2006.09.23"]
[EventType "team-tourn"]
[EventRounds "10"]
[EventCountry "GER"]
[SourceTitle "EXT 2008"]
[Source "ChessBase"]
[SourceDate "2007.11.25"]
[SourceVersion "1"]
[SourceVersionDate "2007.11.25"]
[SourceQuality "1"]
[WhiteTeam "Rheine SG II"]
[BlackTeam "Westerkappeln II"]
[WhiteTeamCountry "GER"]
[BlackTeamCountry "GER"]

1. e4 e5 2. Nf3 Nc6 3. Bb5 d6 4. d3 Bd7 5. Nc3 Nf6 6. 0-0 Be7 7. Re1 0-0 8. Be3 a6 9. Bc4 Na5 10. Bd5 Nxd5 11. Nxd5 Be6 12. Nxe7+ Qxe7 13. Qd2 b6 14. b4 Nb7 15. a3 c5 16. c4 f6 17. Rab1 Rab8 18. h3 Qf7 19. Qe2 h6 20. Rb2 f5 21. exf5 Bxf5 22. Reb1 e4 23. dxe4 Bxe4 24. Re1 Bxf3 25. gxf3 Qxf3 26. Qxf3 Rxf3 27. Kh2 Rbf8 28. Rg1 Kh7 29. bxc5 Nxc5 30. Rg3 Na4 31. Rb3 R8f5 32. Bxb6 Rxb3 33. Rxb3 Nxb6 34. Rxb6 Rxf2+ 35. Kg3 Rc2 36. Rxd6 Rc3+ 37. Kg4 Rxa3 38. c5 Rc3 39. Rxa6 Rxc5 40. h4 Rc7 41. h5 Rf7 42. Rb6 Kg8 43. Rb8+ Rf8 1/2-1/2

[Event "Steinfurt Bezirksliga 0405"]
[Site "Germany"]
[Date "2005.02.05"]
[Round "6.8"]
[White "Schneider, Richard2222"]
[Black "Hohenberger, Rudolf"]
[Result "1-0"]
[WhiteElo "1619"]
[BlackElo "1417"]
[PlyCount "71"]
[EventDate "2004.09.25"]
[EventType "team-tourn"]
[EventRounds "11"]
[EventCountry "GER"]
[SourceTitle "EXT 2006"]
[Source "ChessBase"]
[SourceDate "2005.11.24"]
[SourceVersion "1"]
[SourceVersionDate "2005.11.24"]
[SourceQuality "1"]
[WhiteTeam "Emsdetten Rochade II"]
[BlackTeam "Westerkappeln"]
[WhiteTeamCountry "GER"]
[BlackTeamCountry "GER"]

1. d4 d5 2. Nf3 Nc6 3. c4 e6 4. Bg5 Be7 5. Bxe7 Ngxe7 6. cxd5 exd5 7. e3 0-0 8. Bd3 Bf5 9. Nc3 Bxd3 10. Qxd3 f6 11. Na4 b6 12. 0-0 Qd7 13. Nc3 Nb4 14. Qd2 Qf5 15. a3 Qd3 16. axb4 Qxd2 17. Nxd2 c6 18. Ra6 Nc8 19. b5 cxb5 20. Nxb5 Rd8 21. Rc1 Rd7 22. Rc7 Rd8 23. Nb1 Kf8 24. N1c3 Re8 25. Nxd5 Ne7 26. Nf4 Rec8 27. h3 Rxc7 28. Ne6+ Kf7 29. Nexc7 Rd8 30. Rxa7 Nc6 31. Ra8 Rd7 32. Ra6 Na5 33. Rxb6 Nc4 34. Rb7 Nd6 35. Nxd6+ Rxd6 36. Nb5+ 1-0

[Event "Steinfurt Bezirksklasse 0405"]
[Site "Germany"]
[Date "2004.09.18"]
[Round "1.3"]
[White "Hohenberger, Rudolf"]
[Black "Blomquist, Pontus"]
[Result "0-1"]
[WhiteElo "1423"]
[BlackElo "1230"]
[PlyCount "91"]
[EventDate "2004.09.18"]
[EventType "team-tourn"]
[EventRounds "11"]
[EventCountry "GER"]
[SourceTitle "EXT 2006"]
[Source "ChessBase"]
[SourceDate "2005.11.24"]
[SourceVersion "1"]
[SourceVersionDate "2005.11.24"]
[SourceQuality "1"]
[WhiteTeam "Westerkappeln II"]
[BlackTeam "Nordwalde III"]
[WhiteTeamCountry "GER"]
[BlackTeamCountry "GER"]

1. e4 e5 2. Nf3 Nc6 3. d4 exd4 4. Nxd4 Qf6 5. Nxc6 Qxc6 6. Nc3 Bb4 7. Qd3 Nf6 8. f3 0-0 9. Bd2 Re8 10. 0-0-0 d6 11. a3 Ba5 12. Nd5 Bxd2+ 13. Rxd2 Nxd5 14. Qxd5 Qxd5 15. Rxd5 Re5 16. Bc4 a6 17. Rhd1 Rxd5 18. exd5 Bf5 19. Bd3 Bd7 20. Re1 Re8 21. Rxe8+ Bxe8 22. Kd2 Bb5 23. Bxb5 axb5 24. Kd3 Kf8 25. Kd4 Ke7 26. h4 c6 27. b4 h6 28. g4 Kd7 29. f4 g6 30. g5 hxg5 31. hxg5 Kc7 32. c3 Kd7 33. Ke4 Ke7 34. f5 gxf5+ 35. Kxf5 cxd5 36. Kf4 Ke6 37. Kg4 Ke5 38. Kh5 d4 39. cxd4+ Kxd4 40. Kh6 Ke5 41. Kg7 Ke6 42. g6 fxg6 43. Kxg6 d5 44. Kg5 Ke5 45. Kg4 Ke4 46. Kg3 0-1

[Event "Steinfurt Bezirksklasse 0304"]
[Site "Germany"]
[Date "2004.03.20"]
[Round "8.3"]
[White "Sowa, Rudolf"]
[Black "Hohenberger, Rudolf"]
[Result "1/2-1/2"]
[WhiteElo "1657"]
[BlackElo "1417"]
[PlyCount "78"]
[EventDate "2003.09.27"]
[EventType "team-tourn"]
[EventRounds "11"]
[EventCountry "GER"]
[SourceTitle "EXT 2005"]
[Source "ChessBase"]
[SourceDate "2004.11.15"]
[SourceVersion "1"]
[SourceVersionDate "2004.11.15"]
[SourceQuality "1"]
[WhiteTeam "Emsdetten Rochade IV"]
[BlackTeam "Westerkappeln II"]
[WhiteTeamCountry "GER"]
[BlackTeamCountry "GER"]

1. e4 e5 2. Nf3 Nc6 3. Be2 Nf6 4. d3 Be7 5. Nc3 0-0 6. Bd2 d5 7. exd5 Nxd5 8. 0-0 Bf6 9. Ne4 Bf5 10. Kh1 h6 11. a3 Nd4 12. Nxd4 exd4 13. Bf3 c6 14. Nxf6+ Nxf6 15. Re1 Qd7 16. Bf4 Rfe8 17. Qd2 Re6 18. Rxe6 Bxe6 19. Be5 Qd8 20. h3 Nh7 21. Qf4 Qg5 22. Re1 Qxf4 23. Bxf4 Rd8 24. Kg1 Nf6 25. Be5 Nh7 26. Bc7 Rd7 27. Bb8 a6 28. h4 Nf6 29. Be5 Ne8 30. Kf1 f6 31. Bxf6 Nxf6 32. Rxe6 Kf7 33. Re1 Nd5 34. g3 Kf6 35. Bxd5 Rxd5 36. f3 h5 37. Re4 g5 38. Ke2 c5 39. Re8 Re5+ 1/2-1/2

[Event "Steinfurt Bezirksklasse 0203"]
[Site "Germany"]
[Date "2003.02.15"]
[Round "5.4"]
[White "Quaiser, Sascha"]
[Black "Hohenberger, Rudolf"]
[Result "0-1"]
[WhiteElo "1217"]
[BlackElo "1320"]
[PlyCount "112"]
[EventDate "2002.09.28"]
[EventType "team-tourn"]
[EventRounds "7"]
[EventCountry "GER"]
[SourceTitle "EXT 2005"]
[Source "ChessBase"]
[SourceDate "2004.11.15"]
[SourceVersion "1"]
[SourceVersionDate "2004.11.15"]
[SourceQuality "1"]
[WhiteTeam "Steinfurt IV"]
[BlackTeam "Westerkappeln II"]
[WhiteTeamCountry "GER"]
[BlackTeamCountry "GER"]

1. e4 e5 2. Nf3 d6 3. Nc3 Nf6 4. Bc4 c6 5. d3 h6 6. a3 Qb6 7. 0-0 Be7 8. b4 0-0 9. Be3 Qc7 10. d4 Ng4 11. Qd2 b5 12. Be2 a6 13. h3 Nxe3 14. Qxe3 exd4 15. Nxd4 c5 16. bxc5 dxc5 17. Nf5 Bxf5 18. exf5 Bf6 19. Rad1 Bxc3 20. Qxc3 Nd7 21. Rd3 Qe5 22. Qd2 Nf6 23. Rf3 Qd5 24. Qc1 Rfe8 25. Rd1 Qe5 26. Bd3 c4 27. Rg3 Kf8 28. Bf1 Qxf5 29. Rd4 Qe5 30. c3 Qe1 31. Qc2 Qe7 32. Qd2 Ne4 33. Rxe4 Qxe4 34. Rg4 Qe7 35. Qd4 Qe5 36. Qd2 Rad8 37. Qc2 f5 38. Rg3 Qe4 39. Qb2 Qe7 40. Re3 Qc5 41. Rf3 Re5 42. Qc2 Rde8 43. g4 g6 44. Qd2 Kg7 45. Kg2 Qd5 46. Qc2 Rf8 47. Be2 fxg4 48. hxg4 Rg5 49. Kg3 Qe5+ 50. Kh3 Rxf3+ 51. Bxf3 Qf4 52. Qe2 Re5 53. Qd1 Re7 54. Qd5 Qf6 55. Kg3 Qxc3 56. Qd6 Qe5+ 0-1

[Event "Steinfurt Bezirksklasse 0203"]
[Site "Germany"]
[Date "2003.01.18"]
[Round "4.4"]
[White "Hohenberger, Rudolf"]
[Black "Kroeger, Ralf"]
[Result "1-0"]
[WhiteElo "1320"]
[BlackElo "1282"]
[PlyCount "47"]
[EventDate "2002.09.28"]
[EventType "team-tourn"]
[EventRounds "7"]
[EventCountry "GER"]
[SourceTitle "EXT 2005"]
[Source "ChessBase"]
[SourceDate "2004.11.15"]
[SourceVersion "1"]
[SourceVersionDate "2004.11.15"]
[SourceQuality "1"]
[WhiteTeam "Westerkappeln II"]
[BlackTeam "Steinfurt III"]
[WhiteTeamCountry "GER"]
[BlackTeamCountry "GER"]

1. e4 e5 2. Nf3 Nc6 3. d4 exd4 4. Nxd4 Nxd4 5. Qxd4 Qf6 6. Qxf6 Nxf6 7. Bd3 Bc5 8. h3 d6 9. Nc3 h6 10. Nd5 Nxd5 11. exd5 Bd7 12. 0-0 0-0-0 13. Be3 Bxe3 14. fxe3 f6 15. Bf5 Bxf5 16. Rxf5 Rhe8 17. Re1 Re5 18. Rxe5 dxe5 19. e4 Rd6 20. c4 c6 21. Kf2 Kc7 22. Kf3 Kb6 23. b4 a5 24. c5+ 1-0

[Event "Steinfurt Bezirksklasse 0203"]
[Site "Germany"]
[Date "2002.11.23"]
[Round "3.4"]
[White "Loecke, Christian"]
[Black "Hohenberger, Rudolf"]
[Result "1-0"]
[WhiteElo "1588"]
[BlackElo "1320"]
[PlyCount "107"]
[EventDate "2002.09.28"]
[EventType "team-tourn"]
[EventRounds "7"]
[EventCountry "GER"]
[SourceTitle "EXT 2005"]
[Source "ChessBase"]
[SourceDate "2004.11.15"]
[SourceVersion "1"]
[SourceVersionDate "2004.11.15"]
[SourceQuality "1"]
[WhiteTeam "Emsdetten Turm IV"]
[BlackTeam "Westerkappeln II"]
[WhiteTeamCountry "GER"]
[BlackTeamCountry "GER"]

1. e4 e5 2. Bc4 Nf6 3. d3 d5 4. exd5 Nxd5 5. Bd2 Nc6 6. Nc3 Nxc3 7. Bxc3 Bb4 8. Ne2 0-0 9. Qd2 Bxc3 10. Nxc3 Bf5 11. 0-0-0 a6 12. Rde1 Re8 13. f4 exf4 14. Rxe8+ Qxe8 15. Re1 Qd7 16. Qxf4 Nd4 17. Nd5 Nc6 18. Qxc7 Qxc7 19. Nxc7 Rd8 20. Re8+ Rxe8 21. Nxe8 Kf8 22. Nd6 Nd4 23. Nxb7 Nb5 24. Bxb5 axb5 25. Nd6 Bd7 26. c4 bxc4 27. dxc4 Ke7 28. c5 f5 29. Kd2 g5 30. b4 f4 31. b5 g4 32. a4 Kd8 33. Kd3 g3 34. hxg3 fxg3 35. Ke3 h5 36. Ne4 h4 37. Kf3 Kc7 38. Kf4 Bh3 39. Kf3 Bf5 40. Nc3 Be6 41. a5 Bc4 42. Kg4 Bf1 43. Kxh4 Bxg2 44. Kxg3 Bf1 45. Kf4 Bc4 46. Ke5 Kb7 47. Kd6 Bf1 48. c6+ Kb8 49. Kd7 Bh3+ 50. Kd8 Ka7 51. Kc7 Ka8 52. b6 Bc8 53. Nb5 Ba6 54. b7+ 1-0

[Event "Steinfurt Bezirksklasse 0203"]
[Site "Germany"]
[Date "2002.09.28"]
[Round "1.5"]
[White "Hohenberger, Rudolf"]
[Black "Altenaehr, Johannes"]
[Result "1/2-1/2"]
[WhiteElo "1320"]
[BlackElo "1416"]
[PlyCount "91"]
[EventDate "2002.09.28"]
[EventType "team-tourn"]
[EventRounds "7"]
[EventCountry "GER"]
[SourceTitle "EXT 2005"]
[Source "ChessBase"]
[SourceDate "2004.11.15"]
[SourceVersion "1"]
[SourceVersionDate "2004.11.15"]
[SourceQuality "1"]
[WhiteTeam "Westerkappeln II"]
[BlackTeam "Rheine CC"]
[WhiteTeamCountry "GER"]
[BlackTeamCountry "GER"]

1. e4 e5 2. Nf3 Nc6 3. d4 exd4 4. Nxd4 Nxd4 5. Qxd4 b6 6. Be2 Bb7 7. Bf3 Ne7 8. Nc3 Nc6 9. Qd1 Qf6 10. Nd5 Qd8 11. 0-0 Nb4 12. Nxb4 Bxb4 13. c3 Bd6 14. Re1 0-0 15. Bd2 Re8 16. Qc1 Qh4 17. g3 Qe7 18. Bf4 Bxf4 19. Qxf4 Qe5 20. Qxe5 Rxe5 21. Rad1 d6 22. a3 Rae8 23. Rd3 Bxe4 24. Bxe4 Rxe4 25. Ree3 Rxe3 26. fxe3 f5 27. Kf2 Kf7 28. Rd1 Re4 29. h3 g5 30. Kf3 h5 31. Ke2 Ke6 32. Rf1 d5 33. Kd3 c5 34. b3 b5 35. Ke2 Ke5 36. Kd2 a5 37. Rf2 h4 38. Rg2 hxg3 39. Rxg3 Kf6 40. Rf3 Rh4 41. Ke2 f4 42. Kd3 Ke5 43. exf4+ Rxf4 44. Rg3 Kf5 45. Ke3 a4 46. b4 1/2-1/2